Top 500 Girl Names in 1880 (USA) - Statistics

General Stats
  • This quiz has been taken 648 times
  • The average score is 207 of 499
Answer Stats
Hint Answer % Correct
A Anne
99%
A Ann
98%
M Marie
97%
M Mary
97%
A Anna
95%
L Leah
95%
E Emma
94%
E Emilie
93%
E Emily
93%
E Elisabeth
92%
E Elizabeth
92%
E Elizebeth
92%
L Lizzie
92%
E Eliza
91%
K Kathrine
89%
M Maria
89%
M Mariah
89%
C Catharine
88%
C Catherine
88%
K Kate
88%
K Katharine
88%
K Katherine
88%
K Kathryn
88%
K Katie
88%
A Allie
85%
I Isabel
85%
I Isabell
85%
I Isabella
85%
I Isabelle
85%
B Bella
84%
C Cathrine
84%
M Margaret
84%
M Margret
84%
M Marguerite
84%
R Rosa
83%
R Rosalie
83%
R Rosetta
83%
S Sara
83%
S Sarah
83%
J Jannie
82%
J Jean
82%
R Rose
82%
R Rosie
82%
L Lina
81%
L Lora
81%
C Charlotte
80%
E Ella
80%
G Gracie
80%
L Laura
80%
L Lura
80%
A Alice
79%
C Caroline
79%
E Eva
79%
E Evie
79%
G Grace
79%
L Lottie
79%
E Evelyn
77%
J Jane
77%
J Janie
77%
J Julie
77%
C Carolina
76%
E Ellen
76%
L Lilian
76%
L Lillian
76%
L Lillie
76%
L Lilly
76%
L Lily
76%
O Ollie
76%
F Francis
75%
A Annie
74%
L Lucia
74%
L Lucy
74%
A Amelia
73%
B Bell
73%
J Julia
73%
L Lucie
73%
L Lucile
73%
L Lucille
73%
L Lucinda
73%
M Mollie
73%
M Molly
73%
B Barbara
72%
B Bettie
72%
B Betty
72%
D Dorothy
72%
E Edythe
72%
F Frances
72%
M Mae
72%
A Aimee
71%
A Amy
71%
D Dorothea
71%
H Helen
71%
H Helena
71%
H Helene
71%
O Olivia
71%
R Rachel
71%
R Rebecca
71%
C Claire
70%
C Clare
70%
E Eleanor
69%
E Eleanore
69%
H Hanna
69%
H Hannah
69%
M Marian
69%
M Marion
69%
M Martha
69%
S Sue
69%
V Victoria
69%
K Kathleen
68%
M Millie
68%
P Pattie
68%
C Christina
67%
F Florence
67%
G Georgianna
67%
S Susan
67%
S Susie
67%
A Angie
66%
C Clara
66%
E Edith
66%
E Ellie
66%
E Esther
66%
G Georgia
66%
G Georgiana
66%
S Susanna
66%
A Adah
65%
J Josephine
65%
J Josie
65%
A Adaline
64%
C Christine
64%
M Mandy
64%
N Nan
64%
R Ruth
64%
A Ava
63%
L Linda
63%
N Nancy
63%
A Angeline
62%
C Cora
62%
I Ida
62%
L Lou
62%
N Nora
62%
R Ruby
62%
J Joanna
61%
J Johanna
61%
I Ivy
60%
L Louisa
60%
N Nell
60%
A Abbie
59%
A Amanda
59%
D Daisie
59%
D Daisy
59%
I Irene
59%
A Abigail
58%
A Ada
58%
A Adda
58%
M Mathilda
58%
N Nina
58%
S Sophie
58%
T Tillie
58%
J Janet
57%
V Violet
57%
F Flora
56%
G Gertie
56%
H Harriet
56%
L Louise
56%
M Marjorie
56%
S Sophia
56%
H Harriett
55%
H Harriette
55%
J Jennie
55%
J Jenny
55%
J June
55%
M Magdalena
55%
M May
55%
N Nellie
55%
O Olive
55%
V Verna
55%
A Annabel
54%
D Deborah
54%
D Dona
54%
D Donna
54%
E Edna
54%
M Maggie
54%
M Matilda
54%
E Elsie
53%
M Mabel
53%
M Mabelle
53%
M Mable
53%
M Maybelle
53%
V Vera
53%
J Jessie
52%
V Veronica
52%
B Bonnie
50%
C Connie
50%
C Constance
50%
E Elise
50%
L Lena
50%
L Lenna
50%
M Madeline
50%
S Sallie
50%
S Sally
50%
B Beatrice
49%
G Gertrude
49%
L Lyda
49%
M Minna
49%
T Teresa
49%
C Cecilia
48%
L Lydia
48%
S Stella
48%
A Agnes
47%
B Betsy
47%
E Elsa
47%
E Ethel
47%
E Ethelyn
47%
G Gladys
47%
I Ila
47%
L Lola
47%
M Margie
47%
M Mildred
47%
P Polly
47%
V Vivian
47%
B Bertha
46%
C Chloe
46%
D Dora
46%
N Naomi
46%
V Virgie
46%
V Virginia
46%
M Melissa
45%
Z Zoe
45%
C Carrie
44%
C Cecil
44%
H Henrietta
44%
A Adella
43%
A Adelaide
42%
C Cecile
42%
D Dollie
42%
D Dolly
42%
H Hazel
42%
M Malissa
42%
M Minerva
42%
M Mona
42%
M Minnie
41%
R Rita
41%
S Sadie
41%
S Sudie
41%
A Adeline
40%
B Bernice
40%
B Bess
40%
B Bessie
40%
F Fannie
40%
F Fanny
40%
H Hulda
40%
M Miriam
40%
P Pauline
40%
S Samantha
40%
W Winifred
40%
W Winnie
40%
A Annette
39%
L Lila
39%
L Lilla
39%
O Ophelia
39%
A Agatha
38%
A Annetta
38%
C Cynthia
38%
M Maud
38%
M Maude
38%
N Nelle
38%
A Alma
37%
A Anita
37%
C Cecelia
37%
L Lois
37%
P Pearl
37%
P Pearle
37%
P Pearlie
37%
B Bridget
36%
C Celia
36%
D Dolores
36%
F Frieda
36%
R Rhoda
36%
R Roberta
36%
S Sylvia
36%
C Cassie
35%
E Estelle
35%
H Hilda
35%
A Adele
34%
B Belle
34%
H Hettie
34%
N Norma
34%
F Fay
33%
H Hattie
33%
M Melinda
33%
P Peggy
33%
V Viola
33%
C Carolyn
32%
C Claudia
32%
E Erma
32%
G Georgie
32%
P Priscilla
32%
C Callie
31%
D Delia
31%
J Jeannette
31%
G Genevieve
30%
T Tina
30%
L Luna
29%
P Patsy
29%
P Phebe
29%
P Phoebe
29%
T Theresa
29%
E Etta
28%
F Frank
28%
I Irma
28%
L Loretta
28%
M Myrta
28%
M Myrtie
28%
M Myrtle
28%
R Regina
28%
A Addie
27%
B Blanch
27%
D Della
27%
E Estella
27%
J Jeanette
27%
M Mina
27%
O Olga
27%
E Essie
26%
M Myra
25%
W Willie
25%
C Corinne
24%
E Effie
24%
E Eunice
24%
F Frankie
24%
L Luella
24%
S Serena
24%
H Hallie
23%
L Lee
23%
L Leona
23%
L Leonora
23%
L Lulu
23%
I Ina
22%
M Matie
22%
M Mattie
22%
V Velma
22%
A Augusta
21%
B Beulah
21%
C Charity
21%
I Iva
21%
L Lula
21%
O Ola
21%
P Prudence
21%
S Selma
21%
A Antoinette
20%
C Cleo
20%
E Elnora
20%
F Freda
20%
N Nannie
20%
Q Queen
20%
W Wilhelmina
20%
C Cordelia
19%
C Cordie
19%
C Cornelia
19%
I Ira
19%
J John
19%
L Liza
19%
O Octavia
19%
O Ona
19%
S Savannah
19%
A Alberta
18%
A Aurelia
18%
E Elma
18%
E Ernestine
18%
F Flossie
18%
L Lorena
18%
E Eugenia
17%
I Iona
17%
L Lenora
17%
B Bertie
16%
B Birdie
16%
G George
16%
G Goldie
16%
K Kittie
16%
M Mamie
16%
M Mayme
16%
N Nona
16%
O Oma
16%
O Ora
16%
R Rena
16%
R Roxie
16%
B Berta
15%
C Celina
15%
C Clementine
15%
H Hester
15%
J Juanita
15%
L Lettie
15%
M Madge
15%
N Nettie
15%
Z Zora
15%
E Eula
14%
N Nola
14%
E Elvira
13%
T Tessie
13%
A Adelia
12%
G Gussie
12%
H Hortense
12%
I Inez
12%
L Leila
12%
L Letitia
12%
L Libbie
12%
A Alta
11%
B Blanche
11%
D Dixie
11%
L Lessie
11%
L Lona
11%
L Lutie
11%
M Marcella
11%
O Odessa
11%
R Reba
11%
D Dena
10%
G Geneva
10%
I Iola
10%
L Lonnie
10%
E Ettie
9%
M Marietta
9%
S Sidney
9%
A Alva
8%
A Avis
8%
D Dovie
8%
E Elva
8%
E Emmaline
8%
L Louella
8%
L Lue
8%
M Magdalene
8%
M Mellie
8%
V Vida
8%
Z Zelma
8%
C Claudie
7%
D Donnie
7%
J James
7%
L Lavinia
7%
L Leola
7%
L Lovie
7%
N Neva
7%
W William
7%
A Alpha
6%
D Dessie
6%
E Eda
6%
J Jimmie
6%
L Lela
6%
L Leta
6%
R Rosella
6%
Z Zella
6%
A Artie
5%
F Floy
5%
I Idella
5%
L Lelia
5%
L Leota
5%
L Letha
5%
L Lucretia
5%
L Ludie
5%
P Pinkie
5%
V Vesta
5%
A Alvina
4%
C Celestine
4%
C Clyde
4%
L Leora
4%
M Metta
4%
O Orpha
4%
L Lida
3%
L Linnie
3%
L Louie
3%
M Malinda
3%
M Meta
3%
M Mittie
3%
R Rilla
3%
Z Zula
3%
A America
2%
A Antonio
2%
D Dessa
2%
K Kizzie
2%
L Loula
2%
M Mertie
2%
M Mettie
2%
M Minta
2%
M Mintie
2%
R Retta
2%
T Tennie
2%
V Vinnie
2%
A Alida
1%
A Almeda
1%
A Arminta
1%
C Christena
1%
C Clemmie
1%
D Docia
1%
E Elmira
1%
L Louvenia
1%
L Luvenia
1%
M Meda
1%
M Melvina
1%
M Missouri
1%
S Sophronia
1%
T Tena
1%
Z Zada
1%
No matching quizzes found
Score Distribution
Percent of People with Each Score
Percentile by Number Answered
Your Score History
You have not taken this quiz